000 01361cam a2200349Ii 4500
999 _c7700
_d7700
001 74669672
003 OCoLC
005 20190215164657.0
008 061030s2006 orua b 001 0 eng d
020 _a1597527238
020 _a9781597527231
040 _aEXC
_erda
_cEXC
_dOCLCG
_beng
082 _a266
_bP7735p
090 _aBS2655.M57
_bP58 2006
100 1 _aPlummer, Robert L.
_q(Robert Lewis),
_d1971-
245 1 0 _aPaul's understanding of the church's mission :
_bdid the Apostle Paul expect the early Christian communities to evangelize? /
_cRobert L. Plummer
264 1 _aEugene, OR :
_bWipf and Stock,
_c2006
300 _axviii, 190 pages :
_bill ;
_c23 cm
336 _atext
_btxt
_2rdacontent
337 _aunmediated
_bn
_2rdamedia
338 _avolume
_bnc
_2rdacarrier
440 0 _aPaternoster biblical monographs
500 _aRevision of the author's dissertation: The church's missionary nature : the Apostle Paul and his churches, Southern Baptist Theological Seminary, 2001
504 _aIncludes bibliographical references (pages [147]-175) and indexes
600 0 0 _aPaul,
_cthe Apostle, Saint
630 0 0 _aBible.
_pN.T.
_pEpistles of Paul
650 0 _aMission of the church
650 0 _aMissions
_xTheory
650 0 _aEvangelistic work
650 0 _aChurch history
_yPrimitive and early church, ca. 30-600
942 _2ddc
_cBK